000 00465nam a2200169Ia 4500
005 20250508152521.0
008 008 250505s9999 xx 000 0 hin d
037 _aTextual
040 _aFEDL
_beng
_cFEDL
041 _ahin
_2hin
084 _aFB, TAG
_qFEDL
100 _aTagore Rabindranath
245 0 _aGhare baine (Novel)
260 _aCalcutta, India
_bViswabharathi Granthmala
_c1956
942 _cTEXL
_hFB, TAG
999 _c1336936
_d1336936